| 000 | 00385 a2200145 4500 | ||
|---|---|---|---|
| 003 | NUST | ||
| 005 | 20221205181614.0 | ||
| 040 | _cNust | ||
| 082 | _a152.4,PRY | ||
| 100 |
_athe Psychology of the Emotions _9104167 |
||
| 245 |
_aThe contemporary Science Series / _cthe Psychology of the Emotions |
||
| 300 | _a455p .: | ||
| 505 | _aContents not available | ||
| 942 |
_2ddc _cBK _k152.4,PRY |
||
| 999 |
_c193769 _d193769 |
||